00779nam a2200193 i 450000100060000000300090000600500170001500700030003200800410003510000290007624501380010526000680024330000340031170000290034570000410037485200320041599900170044795201210046428186ES-MaACL20230906153804.0t|030116s1959 sp ||||1| spa d1 aBachmann, Albert.92447910aDibujo técnico / cpor Albert Bachmann y Richard Forberg ; traducción de la 10ª edición alemana por Carlos Sènz de Magarola. aBarcelona : bLabor, c1959 (fTalls. Gráfs. Iberoamericanos) aXV, 261 p. : bil. ; c25 cm.1 aForberg, Richard.9516711 aSáenz de Magarola, Carlos.9187177 aES-MaACLjC-15793 bR.43852 c28186d28186 00104070aATENEOMbATENEOMcFICHd2008-01-17eSCl0oC-15793p1029099r2023-02-23 00:00:00w2023-02-23yMONOGRAFIA